Análisis dinámico y control multivariable del sistema de tanques interconectados Feedback 33-230
Gorde:
| Egile nagusia: | |
|---|---|
| Beste egile batzuk: | |
| Formatua: | Liburua |
| Hizkuntza: | Spanish |
| Argitaratua: |
[San José, Costa Rica]
2012
|
| Gaiak: | |
| Etiketak: |
Etiketa erantsi
Etiketarik gabe, Izan zaitez lehena erregistro honi etiketa jartzen!
|
MARC
| LEADER | 00000nam a22000007a 4500 | ||
|---|---|---|---|
| 003 | 011710 | ||
| 005 | 20230831091246.0 | ||
| 008 | 151002b2012 cr a|||| |||| 00| ||spa d | ||
| 040 | |c cru CEDI | ||
| 090 | |a TFG 6880 | ||
| 100 | |9 1329 |a Ramírez Sequeira, Roy Olivier, 1990- | ||
| 245 | |a Análisis dinámico y control multivariable del sistema de tanques interconectados Feedback 33-230 | ||
| 260 | |a [San José, Costa Rica] |c 2012 | ||
| 300 | |a xi, 76 hojas : ilustraciones | ||
| 500 | |a Proyecto de graduación (bachillerato en ingeniería eléctrica)--Universidad de Costa Rica. Facultad de Ingeniería. Escuela de Ingeniería Eléctrica | ||
| 501 | |a Profesora Guía de IE - 0502 Proyecto Eléctrico: Víctor Alfaro, PhD. | ||
| 650 | |x ENERGIA ELECTRICA |x SISTEMAS DE CONTROL POR REALIMENTACION |x TEORIA DEL CONTROL |x CONTROL AUTOMATICO |x SIMULACION POR COMPUTADORA |9 1291 | ||
| 700 | |9 1328 |a Alfaro Ruiz, Víctor Manuel, 1950- |d Director de Proyecto Eléctrico | ||
| 942 | |c CEDI | ||
| 999 | |c 14065 |d 14065 | ||
